| 000 | 00928cam a22003018a 4500 | ||
|---|---|---|---|
| 999 |
_c3963 _d3963 |
||
| 001 | 8743 | ||
| 003 | GBCCL | ||
| 005 | 20241126110508.0 | ||
| 008 | 830721r19831943nyu 00010aeng | ||
| 010 | _a 83013424 /MN | ||
| 020 | _a0452254833 | ||
| 035 | _aOCM09783889 | ||
| 040 |
_aDLC _cDLC _dLBB |
||
| 049 | _aLBBK | ||
| 050 | 0 |
_aML410.G978 _bA3 1983 |
|
| 082 | 0 |
_a784.492 _aB _219 _bGUT |
|
| 092 |
_a784.4973 _bG984 |
||
| 100 | 1 |
_aGuthrie, Woody, _d1912-1967. _99075 |
|
| 245 | 1 | 0 |
_aBound for glory / _cby Woody Guthrie ; illustrated with sketches by the author. |
| 260 |
_aNew York : _bNew American Library, _c1983, c1943. |
||
| 263 | _a8309 | ||
| 300 |
_axii, 320 p.: _bill.; _c21 cm. |
||
| 500 | _aReprint. Originally published: New York : E.P. Dutton, 1943. | ||
| 500 | _a"A Signet book." | ||
| 600 | 1 | 0 |
_aGuthrie, Woody, _d1912-1967. _99075 |
| 650 | 0 |
_aComposers _zUnited States _vBiography. _99076 |
|
| 942 |
_2ddc _cBK |
||